Mediation und Konfliktmanagement: Handbuch
| VerfasserInnen: | ; ; ; ; |
|---|---|
| Medienart: | Druck Buch |
| Sprache: | Deutsch |
| Veröffentlicht: |
Baden-Baden
Nomos
[2017]
[Berlin] BAFM, Bundes-Arbeitsgemeinschaft für Familien-Mediation e.V. [2017] [Berlin] Bundesverband MEDIATION [2017] [Augsburg] BMWA, Bundesverband Mediation in Wirtschaft und Arbeitswelt e.V. [2017] |
| In: | Jahr: 2017 |
| Ausgabe: | 2. Auflage |
| Online-Zugang: |
Inhaltsverzeichnis Inhaltsverzeichnis |
| Bestand in Tübingen: | In Tübingen vorhanden. IFK: G VII 95 |
| Verfügbarkeit prüfen: | HBZ Gateway |
| Subito Bestelldienst: | Jetzt bestellen. |
| Schlagwörter: |
MARC
| LEADER | 00000cam a2200000 c 4500 | ||
|---|---|---|---|
| 001 | 840872135 | ||
| 003 | DE-627 | ||
| 005 | 20260206204956.0 | ||
| 007 | tu | ||
| 008 | 151125s2017 gw ||||| 00| ||ger c | ||
| 015 | |a 15,N48 |2 dnb | ||
| 015 | |a 15,N48 |2 dnb | ||
| 016 | 7 | |a 1079082360 |2 DE-101 | |
| 020 | |a 3848729482 |c : Festeinband : EUR 98.00 (DE), 100.80 (AT) |9 3-8487-2948-2 | ||
| 020 | |a 9783848729487 |c Hbk : ca. EUR 100.80 (AT), ca. sfr 139.00 (freier Pr.), ca. EUR 98.00 (DE) |9 978-3-8487-2948-7 | ||
| 024 | 3 | |a 9783848729487 | |
| 035 | |a (DE-627)840872135 | ||
| 035 | |a (DE-603)368905004 | ||
| 035 | |a (DE-576)452386713 | ||
| 035 | |a (DE-599)DNB1079082360 | ||
| 035 | |a (OCoLC)930645132 | ||
| 035 | |a (OCoLC)930645132 | ||
| 035 | |a (OCoLC)1004333403 | ||
| 040 | |a DE-627 |b ger |c DE-627 |e rda | ||
| 041 | |a ger | ||
| 044 | |c XA-DE-BW | ||
| 082 | 0 | |a 303.69 |q DE-101 |2 22/ger | |
| 082 | 0 | 4 | |a 340 |a 300 |a 360 |a 650 |q DNB |
| 084 | |a PG 470 |q DE-208 |2 rvk |0 (DE-625)rvk/135956: | ||
| 084 | |a CW 9500 |q DE-208 |2 rvk |0 (DE-625)rvk/19211: | ||
| 084 | |a PG 430 |q BVB |2 rvk |0 (DE-625)rvk/135945: | ||
| 084 | |a QP 342 |q BVB |2 rvk |0 (DE-625)rvk/141863: | ||
| 084 | |a DS 5600 |q DE-FR129/1005 |2 rvk |0 (DE-625)rvk/19947: | ||
| 084 | |a CW 4500 |q DE-FR129/1005 |2 rvk |0 (DE-625)rvk/19178: | ||
| 084 | |a CP 3600 |q DE-FR129/1005 |2 rvk |0 (DE-625)rvk/18980: | ||
| 084 | |a MR 5300 |q DE-Frei129/1005 |2 rvk |0 (DE-625)rvk/123514: | ||
| 084 | |a 86.17 |2 bkl | ||
| 084 | |a 77.71 |2 bkl | ||
| 084 | |a 77.84 |2 bkl | ||
| 245 | 0 | 0 | |a Mediation und Konfliktmanagement |b Handbuch |c Prof. Dr. iur Thomas Trenczek, M.A., Dr. iur Detlev Berning, Prof. Dr. iur. Cristina Lenz, Prof. Dr. rer. pol. Hans-Dieter Will (Hrsg.) ; Prof. Dr. Nadja Alexander [und 49 andere] |
| 250 | |a 2. Auflage | ||
| 264 | 1 | |a Baden-Baden |b Nomos |c [2017] | |
| 264 | 1 | |a [Berlin] |b BAFM, Bundes-Arbeitsgemeinschaft für Familien-Mediation e.V. |c [2017] | |
| 264 | 1 | |a [Berlin] |b Bundesverband MEDIATION |c [2017] | |
| 264 | 1 | |a [Augsburg] |b BMWA, Bundesverband Mediation in Wirtschaft und Arbeitswelt e.V. |c [2017] | |
| 300 | |a 790 Seiten |b Illustrationen, Diagramme | ||
| 336 | |a Text |b txt |2 rdacontent | ||
| 337 | |a ohne Hilfsmittel zu benutzen |b n |2 rdamedia | ||
| 338 | |a Band |b nc |2 rdacarrier | ||
| 490 | 0 | |a Nomos Praxis | |
| 500 | |a Enthält 73 Beiträge | ||
| 500 | |a Literaturverzeichnis: Seite 709-754 | ||
| 583 | 1 | |a Archivierung/Langzeitarchivierung gewährleistet |f PEBW |x XA-DE-BW |2 pdager |5 DE-31 | |
| 650 | 0 | 7 | |0 (DE-588)4191538-0 |0 (DE-627)104362782 |0 (DE-576)210074159 |a Mediation |2 gnd |
| 650 | 0 | 7 | |0 (DE-588)4164958-8 |0 (DE-627)105443484 |0 (DE-576)20989217X |a Konfliktregelung |2 gnd |
| 689 | 0 | 0 | |d s |0 (DE-588)4191538-0 |0 (DE-627)104362782 |0 (DE-576)210074159 |a Mediation |2 gnd |
| 689 | 0 | 1 | |d s |0 (DE-588)4164958-8 |0 (DE-627)105443484 |0 (DE-576)20989217X |a Konfliktregelung |2 gnd |
| 689 | 0 | |5 DE-101 | |
| 689 | 1 | 0 | |d s |0 (DE-588)4191538-0 |0 (DE-627)104362782 |0 (DE-576)210074159 |a Mediation |2 gnd |
| 689 | 1 | 1 | |d s |0 (DE-588)4164958-8 |0 (DE-627)105443484 |0 (DE-576)20989217X |a Konfliktregelung |2 gnd |
| 689 | 1 | |5 (DE-627) | |
| 700 | 1 | |a Trenczek, Thomas |d 1960- |e HerausgeberIn |e VerfasserIn |0 (DE-588)124526845 |0 (DE-627)363397833 |0 (DE-576)171600827 |4 edt |4 aut | |
| 700 | 1 | |a Berning, Detlev |e HerausgeberIn |e VerfasserIn |0 (DE-588)111096235 |0 (DE-627)611251914 |0 (DE-576)311845096 |4 edt |4 aut | |
| 700 | 1 | |a Lenz, Cristina |e HerausgeberIn |e VerfasserIn |0 (DE-588)121861074 |0 (DE-627)081582846 |0 (DE-576)292923732 |4 edt |4 aut | |
| 700 | 1 | |a Will, Hans-Dieter |d 1943- |e HerausgeberIn |e VerfasserIn |0 (DE-588)1075023750 |0 (DE-627)832861480 |0 (DE-576)443212198 |4 edt |4 aut | |
| 700 | 1 | |a Alexander, Nadja Marie |d 1966- |e VerfasserIn |0 (DE-588)120903407 |0 (DE-627)080958974 |0 (DE-576)179971530 |4 aut | |
| 776 | 1 | |z 9783832968861 | |
| 856 | 4 | 2 | |u https://swbplus.bsz-bw.de/bsz452386713inh.htm |m B:DE-576;DE-Sp3 |q application/pdf |v 20170912111712 |x Verlag |3 Inhaltsverzeichnis |7 1 |
| 856 | 4 | 2 | |u http://scans.hebis.de/HEBCGI/show.pl?36890500_toc.pdf |m V:DE-576;B:DE-Sp3 |q application/pdf |3 Inhaltsverzeichnis |7 1 |
| 935 | |i Blocktest | ||
| 936 | r | v | |a PG 470 |b Schiedsgerichtsbarkeit |k Rechtswissenschaft |k Rechtspflege, Gerichtsverfassung, Zivilverfahrensrecht und Nebengebiete |k Zivilprozess, Zivilprozessrecht, Zivilprozessordnung, Schiedsgerichtsbarkeit |k Einzeldarstellungen |k Schiedsgerichtsbarkeit |0 (DE-627)1271584123 |0 (DE-625)rvk/135956: |0 (DE-576)201584123 |
| 936 | r | v | |a CW 9500 |b Sonstiges |k Psychologie |k Angewandte Psychologie |k Andere Gebiete der angewandten Psychologie |k Sonstiges |0 (DE-627)1271536528 |0 (DE-625)rvk/19211: |0 (DE-576)201536528 |
| 936 | r | v | |a PG 430 |b Einzeldarstellungen |k Rechtswissenschaft |k Rechtspflege, Gerichtsverfassung, Zivilverfahrensrecht und Nebengebiete |k Gerichtsverfassung, Rechtspflege, Notariat (BF Notar recht), Justizverwaltung |k Einzeldarstellungen |0 (DE-627)1270805436 |0 (DE-625)rvk/135945: |0 (DE-576)200805436 |
| 936 | r | v | |a QP 342 |b Soziologische und psychologische Aspekte |k Wirtschaftswissenschaften |k Allgemeine Betriebswirtschaftslehre |k Unternehmensführung |k Organisation |k Soziologische und psychologische Aspekte |0 (DE-627)1271357356 |0 (DE-625)rvk/141863: |0 (DE-576)201357356 |
| 936 | r | v | |a DS 5600 |b Soziale Beratung und Behandlung |k Pädagogik |k Sozialpädagogik, Sozialarbeit |k Methoden und Arbeitsformen |k Soziale Beratung und Behandlung |0 (DE-627)1270784366 |0 (DE-625)rvk/19947: |0 (DE-576)200784366 |
| 936 | r | v | |a CW 4500 |b Betriebs- und Organisationspsychologie einschließlich Sozialpsychologie des Betriebes, Führungsprobleme, Jugendliche im Betrieb |k Psychologie |k Angewandte Psychologie |k Betriebs- und Organisationspsychologie einschließlich Sozialpsychologie des Betriebes, Führungsprobleme, Jugendliche im Betrieb |0 (DE-627)1271488299 |0 (DE-625)rvk/19178: |0 (DE-576)201488299 |
| 936 | r | v | |a CP 3600 |b Konflikt |k Psychologie |k Allgemeine Psychologie |k Konflikt, Angst, Aggression, Frustration, Stress |k Konflikt |0 (DE-627)1271493853 |0 (DE-625)rvk/18980: |0 (DE-576)201493853 |
| 936 | r | v | |a MR 5300 |b Konflikttheorien |k Soziologie |k Sozialwissenschaftliche Theorien und Methoden |k Jüngere soziologische Theorie |k Konflikttheorien |0 (DE-627)1271428121 |0 (DE-625)rvk/123514: |0 (DE-576)201428121 |
| 936 | b | k | |a 86.17 |j Freiwillige Gerichtsbarkeit |j Schiedsgerichtsbarkeit |0 (DE-627)106422537 |
| 936 | b | k | |a 77.71 |j Behandlung |j Rehabilitation: Allgemeines |x Psychologie |0 (DE-627)181570629 |
| 936 | b | k | |a 77.84 |j Krisenbewältigung |0 (DE-627)18157196X |
| 936 | s | n | |a m200 |2 mzub |
| 936 | s | n | |a p100 |2 mzub |
| 936 | s | n | |a q100 |2 mzub |
| 951 | |a BO | ||
| ELC | |b 1 | ||
| LOK | |0 000 xxxxxcx a22 zn 4500 | ||
| LOK | |0 001 3209353913 | ||
| LOK | |0 003 DE-627 | ||
| LOK | |0 004 840872135 | ||
| LOK | |0 005 20180124153245 | ||
| LOK | |0 008 180115||||||||||||||||ger||||||| | ||
| LOK | |0 040 |a DE-21-110 |c DE-627 |d DE-21-110 | ||
| LOK | |0 689 |a s |a Mediation | ||
| LOK | |0 689 |a s |a Außergerichtliche Konfliktregelung | ||
| LOK | |0 689 |a s |a Entwicklung | ||
| LOK | |0 689 |a s |a Konflikte | ||
| LOK | |0 689 |a s |a Dynamik | ||
| LOK | |0 689 |a s |a Fairness | ||
| LOK | |0 689 |a s |a Kosten-Nutzen-Analyse | ||
| LOK | |0 689 |a s |a Methoden | ||
| LOK | |0 689 |a s |a Mediationsgesetz | ||
| LOK | |0 689 |a s |a Recht | ||
| LOK | |0 689 |a s |a Anwendungsbereiche | ||
| LOK | |0 852 |a DE-21-110 | ||
| LOK | |0 852 1 |c G VII 95 |m p |9 00 | ||
| LOK | |0 938 |a 1801 | ||
| LOK | |0 938 |k p | ||
| LOK | |0 939 |a 15-01-18 |b l01 | ||
| ORI | |a SA-MARC-krimdoka001.raw | ||
| SIG | |a IFK: G VII 95 | ||
